Classement ATP - février 2023 - Statistiques

Statistiques générales
  • Ce quiz a été pris 278 fois
  • Le résultat moyen est 14 sur 20
Statistiques - réponses
Classement ATP Pays Tennisman % Correct
1 Serbie Novak Djoković
100%
2 Espagne Carlos Alcaraz
96%
3 Grèce Stefanos Tsitsipas
95%
4 Norvège Casper Ruud
91%
6 Espagne Rafael Nadal
89%
9 Danemark Holger Rune
83%
11 Russie Daniil Medvedev
80%
8 Canada Félix Auger-Aliassime
77%
16 Allemagne Alexander Zverev
74%
5 Russie Andrey Rublev
74%
7 USA Taylor Fritz
74%
12 Royaume-uni Cameron Norrie
67%
17 Italie Jannik Sinner
67%
10 Pologne Hubert Hurkacz
66%
14 USA Frances Tiafoe
63%
19 Australie Nick Kyrgios
59%
13 Russie Karen Khachanov
54%
15 Espagne Pablo Carreño Busta
47%
20 Italie Lorenzo Musetti
45%
18 USA Tommy Paul
33%
Aucun quiz correspondant
Distribution des résultats
% des personnes avec chaque résultat
Percentile par nombre de réponses
Votre historique - résultats
Vous n’avez pas pris ce quiz